|
|
|
|
| LEADER |
01280nam a2200301 a 4500 |
| 008 |
100523s20072005ncuac b 001 0 eng d |
| 020 |
|
|
|a 8170463181
|
| 020 |
|
|
|a 0822335018 (hc : alk. paper)
|
| 020 |
|
|
|a 0822335131 (pbk. : alk. paper)
|
| 040 |
|
|
|a DLC
|c DLC
|d DLC
|d BD-DhAAL
|
| 082 |
0 |
0 |
|a 306.76/6/089914
|2 22
|
| 100 |
1 |
|
|a Gopinath, Gayatri,
|d 1969-
|
| 245 |
1 |
0 |
|a Impossible desires :
|b queer diasporas and South Asian public cultures /
|c Gayatri Gopinath.
|
| 260 |
|
|
|a Durham :
|b Duke University Press ;
|a Kolkata :
|b Seagull Books,
|c 2005 [reprinted 2007].
|
| 300 |
|
|
|a xii, 247 p. :
|b ill., ports. ;
|c 24 cm.
|
| 490 |
0 |
|
|a Perverse modernities
|
| 504 |
|
|
|a Includes bibliographical references and index.
|
| 541 |
1 |
|
|e 00020311
|
| 650 |
|
0 |
|a Gays in popular culture.
|
| 650 |
|
0 |
|a South Asians
|z Foreign countries
|x Social conditions.
|
| 650 |
|
0 |
|a South Asians in literature.
|
| 650 |
|
0 |
|a South Asians in mass media.
|
| 650 |
|
0 |
|a Homosexuality in motion pictures.
|
| 650 |
|
0 |
|a Homosexuality in literature.
|
| 650 |
|
0 |
|a Homosexuality in music.
|
| 852 |
4 |
|
|a Ayesha Abed Library
|j General Shelf
|
| 999 |
|
|
|c 8679
|d 8679
|
| 952 |
|
|
|0 0
|1 0
|2 ddc
|4 0
|6 306_766089914000000_GOP_2007
|7 0
|9 10440
|a BRACUL
|b BRACUL
|c GEN
|d 2010-05-24
|l 0
|o 306.766089914 GOP
|p 3010020311
|r 2010-05-24
|t 1
|w 2010-05-24
|y BK
|